Technológia pre stredné priemyselné školy hutnícke /
Uloženo v:
| Hlavní autor: | |
|---|---|
| Další autoři: | , |
| Médium: | Kniha |
| Jazyk: | slovenština čeština |
| Vydáno: |
Bratislava :
Slovenské vydavateľstvo technickej literatúry,
1966
|
| Vydání: | [1. vyd.] |
| Edice: | Edícia baníckej a hutníckej literatúry
|
| Témata: | |
| On-line přístup: |
|
| Tagy: |
Přidat tag
Žádné tagy, Buďte první, kdo vytvoří štítek k tomuto záznamu!
|
MARC
| LEADER | 00000cam a2200000 4500 | ||
|---|---|---|---|
| 003 | SK-BrCVT | ||
| 005 | 20220621163853.0 | ||
| 008 | 071115s1966 cs e ||||||slo d | ||
| 035 | |a CVTIDW1429979 | ||
| 040 | |b slo |a CVTI SR |e AACR2 | ||
| 041 | 1 | |a slo |h cze | |
| 044 | |a cs | ||
| 080 | |a 669 |2 UDC-MRF | ||
| 100 | 1 | |a Beneš, Josef |d 1924-, | |
| 245 | 1 | 0 | |a Technológia pre stredné priemyselné školy hutnícke / |c Autori: Josef Beneš, Miroslav Hluchý ... [et al.] ; z českého originálu preložil: Metod Človieček |
| 250 | |a [1. vyd.] | ||
| 260 | |a Bratislava : |b Slovenské vydavateľstvo technickej literatúry, |c 1966 | ||
| 300 | |a 255 s., príl. | ||
| 490 | 1 | |a Edícia baníckej a hutníckej literatúry |3 0521054 | |
| 653 | 1 | |a technológia |a hutnícka škola | |
| 700 | 1 | |a Hluchý, Miroslav | |
| 700 | 1 | |a Človieček, Metod |4 trl | |
| 760 | 1 | |t Edícia baníckej a hutníckej literatúry | |
| 910 | |b A201588 | ||
| 974 | |f Knihy | ||
| 992 | |a AUS | ||
| 999 | |c 159878 |d 159878 | ||